PDC Darts - Participating Countries - Statistics

General Stats
  • This quiz has been taken 66 times
  • The average score is 42 of 48
Answer Stats
Most Apps. Player Country % Correct
Simon Whitlock Australia
100%
Kim Huybrechts Belgium
100%
Yuanjun Liu China
100%
James Wade England
100%
William O'Connor Ireland
100%
Michael van Gerwen Netherlands
100%
Brendan Dolan Northern Ireland
100%
Krzysztof Ratajski Poland
100%
Jose de Sousa Portugal
100%
Boris Koltsov Russia
100%
Peter Wright Scotland
100%
Mensur Suljovic Austria
98%
Diogo Portela Brazil
98%
John Part Canada
98%
Max Hopp Germany
98%
Cristo Reyes Spain
98%
Gerwyn Price Wales
98%
Prakash Jiwa India
95%
Haruki Muramatsu Japan
95%
Devon Petersen South Africa
95%
Steve Brown United States
95%
Per Laursen Denmark
93%
Darius Labanauskas Lithuania
93%
Cody Harris New Zealand
93%
Stefan Bellmont Switzerland
93%
Jacques Labre France
91%
Madars Razma Latvia
91%
Magnus Caris Sweden
91%
Karel Sedlacek Czech Republic
89%
Marko Kantele Finland
89%
Hyun Chul Park South Korea
89%
Paul Lim Singapore
88%
John Michael Greece
84%
Tonci Restovic Croatia
82%
Nandor Bezzeg Hungary
82%
Daniele Petri Italy
82%
Robert Wagner Norway
80%
Lourence Ilagan Philippines
80%
Thanawat Gaweenuntawong Thailand
80%
Peter Martin Slovakia
75%
Oliver Ferenc Serbia
73%
Osmann Kijamet Slovenia
71%
Royden Lam Hong Kong
68%
Dyson Parody Gibraltar
55%
Al Hedman Jamaica
55%
Mohamed Latif Sapup Malaysia
55%
Norman Madhoo Guyana
50%
Anthony Forde Barbados
38%
No matching quizzes found
Score Distribution
Percent of People with Each Score
Percentile by Number Answered
Your Score History
You have not taken this quiz